Patriarchal Moments (Record no. 59579)

MARC details
000 -LEADER
fixed length control field 00854nam a2200253Ii 4500
003 - CONTROL NUMBER IDENTIFIER
control field URS
008 - FIXED-LENGTH DATA ELEMENTS--GENERAL INFORMATION
fixed length control field 221124s9999 xx 000 0 und d
020 ## - INTERNATIONAL STANDARD BOOK NUMBER
International Standard Book Number 9781472589149
020 ## - INTERNATIONAL STANDARD BOOK NUMBER
International Standard Book Number 9781472589156
020 ## - INTERNATIONAL STANDARD BOOK NUMBER
International Standard Book Number 9781472589163
020 ## - INTERNATIONAL STANDARD BOOK NUMBER
International Standard Book Number 9781472589170
020 ## - INTERNATIONAL STANDARD BOOK NUMBER
International Standard Book Number 9781474237987
245 #0 - TITLE STATEMENT
Title Patriarchal Moments
Remainder of title Reading Patriarchal Texts
Statement of responsibility, etc. Cesare Cuttica and Gaby Mahlberg.
264 #1 - PRODUCTION, PUBLICATION, DISTRIBUTION, MANUFACTURE, AND COPYRIGHT NOTICE
Name of producer, publisher, distributor, manufacturer Bloomsbury Academic
Date of production, publication, distribution, manufacture, or copyright notice 2015
300 ## - PHYSICAL DESCRIPTION
Extent 1 online resource
336 ## - CONTENT TYPE
Content type term text
Content type code txt
Source rdacontent
337 ## - MEDIA TYPE
Media type term computer
Media type code c
Source rdamedia
338 ## - CARRIER TYPE
Carrier type term online resource
Carrier type code cr
Source rdacarrier
490 ## - SERIES STATEMENT
Series statement Textual Moments in the History of Political Thought
653 ## - INDEX TERM--UNCONTROLLED
Uncontrolled term Politics & International Relations
856 ## - ELECTRONIC LOCATION AND ACCESS
Uniform Resource Identifier <a href="10.5040/9781472589163">10.5040/9781472589163</a>
856 ## - ELECTRONIC LOCATION AND ACCESS
Uniform Resource Identifier <a href="http://dx.doi.org/10.5040/9781472589163?locatt=label:secondary_bloomsburyCollections">http://dx.doi.org/10.5040/9781472589163?locatt=label:secondary_bloomsburyCollections</a>
942 ## - ADDED ENTRY ELEMENTS (KOHA)
Koha item type E-Book
Holdings
Withdrawn status Damaged status Not for loan Home library Current library Shelving location Date acquired Total Checkouts Date last seen Price effective from Koha item type
      Bloomsbury Open Access Bloomsbury Open Access Bloomsbury Open Access 09/22/2022   09/22/2022 09/22/2022 E-Book

University of Rizal System
Email us at univlibservices@urs.edu.ph

Visit our Website www.urs.edu.ph/library